00337nam a2200133Ia 4500008004100000020001500041041001200056082001600068100001400084245004600098260003700144300000800181650001400189221030s9999 xx 000 0 und d a8125914447 aEnglish a105.23bSax aS. Saxena 2aA First Course in Computerscby S. Saxena bVikas Pub HouseaNew Delhic2003 a148 aComputers